01214nam a2200289 i 4500001000300000003000900003005001700012008004100029020002200070040000800092041000700100080002700107100004300134245010300177260005500280300004900335490004100384504003600425521007800461650003600539655003000575700004000605700004300645830004200688856009800730856009600828bgKOSZ 00520210908145356.0 s pl f |000 0 pol  a8320421047 (t. 1) cBPK0 apl a620.1:539.3/.6](075.8)1 aDyląg, Zdzisławd(1923-2015)eAutor10aWytrzymałość materiałów.nT. 1 /cZdzisław Dyląg, Antoni Jakubowicz, Zbigniew Orłoś. aWarszawa :bWydawnictwa Naukowo-Techniczne,c1996. a539, [1] s. :b3 fot., rys., wykr. ;c24 cm.1 aPodręczniki Akademickie. Mechanika aBibliogr. s. 524-530. - Indeks. aDla studentów wyższych uczelni tech., zwłaszcza wydz. mechanicznych. 9aWytrzymałość materiałów aPodręczniki akademickie1 aJakubowicz, Antonid(?-1999)eAutor1 aOrłoś, Zbigniewd(1921-2014)eAutor 0aPodręczniki Akademickie.pMechanika uhttp://koha.tu.koszalin.pl/cgi-bin/koha/opac-detail.pl?biblionumber=32369yKatalog online BPK uhttp://libra.ibuk.pl/reader/wytrzymalosc-materialow-tom-1-zdzislaw-dylag-antoni-71356yIBUK